Arthritis

Detalles Bibliográficos
Formato: Electrónico Seriadas
Lenguaje:inglés
Publicado: New York, NY : Hindawi Pub. Corp.
Materias:
Acceso en línea:Full text available from Research Library: 01/01/2013 to 01/31/2018

MARC

LEADER 00000nas a2200000 a 4500
001 ssj0000500977
003 WaSeSS
005 20200512172242.0
006 m d
007 cr n
008 110712d20102018nyuar s 0 0eng c
010 |a  2011243726 
016 7 |a 101566207  |2 DNLM 
016 7 |a 018924684  |2 Uk 
022 |a 2090-1992  |l 2090-1992  |y 2090-1984 
035 |a (WaSeSS)ssj0000500977 
040 |a FQM  |b eng  |c FQM  |d UV0  |d NLM  |d TXA  |d OCLCQ  |d OCLCF  |d CUS  |d EUW  |d OCLCQ  |d CASUM  |d OCLCA  |d OCLCO  |d OCLCA  |d NLM  |d UKMGB  |d WaSeSS 
042 |a pcc 
050 1 4 |a RC933  |b .A288 
060 1 0 |a W1 
210 1 0 |a Arthritis  |2 dnlm 
245 0 0 |a Arthritis  |h [electronic resource]. 
260 |a New York, NY :  |b Hindawi Pub. Corp. 
310 |a Annual 
362 1 |a Began with: Vol. 2010; ceased with Volume 2018 (2018) 
506 |a License restrictions may limit access. 
515 |a Articles added consectively to current annual volume. 
588 |a Description based on: Vol. 2010; title from journal home (Publisher's Web site, viewed July, 11, 2011). 
588 |a Latest issue consulted: Vol. 2011 (viewed Oct. 6, 2011). 
650 0 |a Arthritis  |v Periodicals. 
650 0 |a Rheumatism  |v Periodicals. 
650 0 |a Rheumatology  |v Periodicals. 
650 1 2 |a Arthritis. 
650 2 2 |a Rheumatic Diseases. 
650 2 2 |a Rheumatology. 
650 7 |a Arthritis.  |2 fast  |0 (OCoLC)fst00817097 
650 7 |a Rheumatism.  |2 fast  |0 (OCoLC)fst01097001 
650 7 |a Rheumatology.  |2 fast  |0 (OCoLC)fst01097048 
655 0 |a Electronic journals. 
776 0 8 |i Print version:  |t Arthritis  |x 2090-1984 
856 4 0 |z Full text available from Research Library: 01/01/2013 to 01/31/2018  |u https://search.proquest.com/publication/2037471